000 00465nam a22001577a 4500
005 20251108164252.0
008 250721s9999 xx 000 0 ara d
082 1 4 _a793.73/عبد
100 1 _aالمجالي، عبد الوهاب مثقال
245 1 0 _aإختبر ذكائك و إستمتع مع أجمل مائة و خمسون عقده /
264 1 _aعمان :
_c[19-].
300 _a48ص
650 1 7 _aالألغاز
942 _2ddc
_cBK
999 _c7960
_d7960